|
|
|
|
| LEADER |
01298nam a2200373Ia 4500 |
| 001 |
EBC353525 |
| 003 |
MiAaPQ |
| 005 |
20200520144314.0 |
| 006 |
m o d | |
| 007 |
cr cn||||||||| |
| 008 |
080805s2008 njua s 001 0 eng d |
| 020 |
|
|
|z 0470290773
|
| 020 |
|
|
|z 9780470290774
|
| 035 |
|
|
|a (MiAaPQ)EBC353525
|
| 035 |
|
|
|a (Au-PeEL)EBL353525
|
| 035 |
|
|
|a (CaPaEBR)ebr10296616
|
| 035 |
|
|
|a (CaONFJC)MIL145046
|
| 035 |
|
|
|a (OCoLC)647764532
|
| 040 |
|
|
|a MiAaPQ
|c MiAaPQ
|d MiAaPQ
|
| 050 |
|
4 |
|a HF5719
|b .T39 2008
|
| 100 |
1 |
|
|a Taylor, Allen G.
|
| 245 |
1 |
0 |
|a Crystal Reports 2008 for dummies
|h [electronic resource] /
|c by Allen G. Taylor.
|
| 260 |
|
|
|a Hoboken, N.J. :
|b Wiley,
|c 2008.
|
| 300 |
|
|
|a xii, 396 p. :
|b ill.
|
| 490 |
1 |
|
|a --For dummies
|
| 500 |
|
|
|a Includes index.
|
| 533 |
|
|
|a Electronic reproduction. Ann Arbor, MI : ProQuest, 2015. Available via World Wide Web. Access may be limited to ProQuest affiliated libraries.
|
| 630 |
0 |
0 |
|a Crystal Reports 2008.
|
| 630 |
0 |
0 |
|a Crystal reports (Electronic resource)
|
| 650 |
|
0 |
|a Business report writing
|x Computer programs.
|
| 655 |
|
4 |
|a Electronic books.
|
| 710 |
2 |
|
|a ProQuest (Firm)
|
| 830 |
|
0 |
|a --For dummies.
|
| 856 |
4 |
0 |
|u https://ebookcentral.proquest.com/lib/matrademy/detail.action?docID=353525
|z Click to View
|